Statistiques concernant Pays qui ne reconnaissent pas Israël

Cliquez ici pour prendre le quiz!

Statistiques générales

  • Ce quiz a été pris 22 552 fois
  • Le résultat moyen est 15 sur 28

Statistiques - réponses

Pays% Correct
Algérie
87%
Iran
85%
Arabie Saoudite
83%
Irak
83%
Tunisie
78%
Syrie
75%
Qatar
73%
Yémen
72%
Afghanistan
71%
Liban
70%
Oman
68%
Pakistan
68%
Libye
67%
Koweït
57%
Mali
53%
Indonésie
50%
Mauritanie
50%
Somalie
49%
Niger
44%
Corée du Nord
39%
Malaisie
37%
Bangladesh
35%
Djibouti
30%
Brunei
27%
Cuba
22%
Maldives
22%
Comores
21%
Venezuela
21%

Distribution des résultats

Percentile par nombre de réponses

% des personnes avec chaque résultat

Votre développement - résultats

Vous n’avez pas pris ce quiz